000 01653nam a2200469 i 4500
001 vtls000848512
003 PNM
005 20200713153015.0
008 180306t20182018my ao j 000 0 may
015 _aM18-03040
020 _a9789670789958
_qpaperback
_cRM17.90
039 9 _a201811141152
_bhazwani
_c201808071154
_drosliza
_c201804180907
_dnor_afizah
_c201804180851
_dnor_afizah
040 _aBNM
_beng
_cBNM
_dPNM
_dPPAK
_erda
049 _aklpmal
082 0 4 _a912
_223
090 0 0 _a912
_bATL
_dK
245 0 0 _aATLAS DUNIA /
_cSuntingan oleh: Galia Lami Dozo - van der Kar ; Konsep, ilustrasi & reka letak oleh: Vivi & Gus ; Terjemahan oleh: Advantage Quest Sdn. Bhd.
264 1 _aPetaling Jaya, Selangor:
_bAdvantage Quest Sdn. Bhd.,
_c[2018?]
264 4 _c©2018
300 _a24 pages :
_bcolour illustrations, colour photographs ;
_c30 cm.
336 _atext
_2rdacontent
337 _aunmediated
_2rdamedia
338 _avolume
_2rdacarrier
490 1 _aAtlas.
650 1 0 _aAtlases
_vJuvenile literature
650 2 0 _aWorld maps
_vJuvenile literature
700 1 _aLami Dozo-van der Kar, Galia,
_eeditor.
700 0 _aVivi,
_eillustrator.
700 0 _aGus,
_eillustrator.
710 2 _aAdvantage Quest Sdn. Bhd,
_etranslator.
830 0 _aAtlas.
942 _2ddc
_cB
949 _62000616889
_a912 ATL f M
949 _62000616890
_a912 ATL f M
949 _62000616888
_a912 ATL f M
949 _62000098373
_a912 ATL f M
_e2540749
949 _62000098374
_a912 ATL f M
_e2540750
949 _61001304472
_e2540747
949 _61001304473
_e2540748
949 _61001304474
_e2540751
949 _61001304475
_e2540752
999 _c177881
_d177881